Narciso y Goldmundo / (Registro nro. 11209)

Detalles MARC
000 -LIDER
fixed length control field 00858nam a22002777a 4500
001 - NÚMERO DE CONTROL
Identificador de número de control 000340
003 - IDENTIFICACDOR DE NÚMERO DE CONTROL
control field DO-SdBNP
005 - DATE AND TIME OF LATEST TRANSACTION
control field 20240417093644.0
007 - CAMPOS FIJOS DE DESCRIPCIÓN FÍSICA
fixed length control field 000340
008 - ELEMENTOS DE LONGITUD FIJA
fixed length control field 160829b 1983 sp ||| 00| 0 spa d
020 ## - ISBN
International Standard Book Number 8432221686
020 ## - ISBN
International Standard Book Number 8432221600 (obra completa)
040 ## - FUENTE DE CATALOGACIÓN
Agencia que crea de manera original el registro BPMSU
Idioma de catalogación spa
Agencia que realiza la transcripción BPMSU
082 #4 - NÚMERO DE CLASIFICACIÓN DECIMAL DE DEWEY
Classification number 833.8
Item number H587N 983
Edition number 22
100 1# - ASIENTO PRINCIPAL -- NOMBRE PERSONAL
Nombre personal Hesse, Hermann,
Fechas asociadas con el nombre 1877-1962.
245 10 - MENCIÓN DE TITULO
Título Narciso y Goldmundo /
Mención de responsabilidad Hermann Hesse ; traducción de Luis Tobío.
260 ## - PUBLICACIÓN, DISTRIBUCIÓN, ETC. (PIE DE IMPRENTA)
Lugar de publicación, distribución, etc Barcelona :
Nombre del editor, distribuidor, etc. Seix Barral,
Fecha de publicación, distribución, etc 1983.
300 ## - DESCRIPCIÓN FÍSICA
Extensión 287 p. ;
Dimensiones 20 cm.
490 0# - MENCIÓN DE SERIES
Mención de serie Obras maestras de la literatura contemporánea,
Volume/sequential designation 8
590 ## - NOTA LOCAL
Texto de la nota local Inventariado, 2024/VM
650 #4 - ENCABEZAMIENTO DE MATERIA--TEMÁTICO
Término temático o nombre geográfico como elemento de entrada Novela alemana
700 1# - ASIENTO SECUNDARIO -- NOMBRE PERSONAL
Nombre personal Tobío, Luis,
Fechas asociadas con el nombre 1906-2003.
Mención de responsabilidad traductor
830 0# - ASIENTO SECUNDARIO DE SERIE--TÍTULO UNIFORME
Título uniforme Rodolfo Segovia-Colección
910 ## - VALIDACIÓN
Validación VMateo V. Control de calidad. BPMSU
942 ## - ADDED ENTRY ELEMENTS (KOHA)
Source of classification or shelving scheme Dewey Decimal Classification
Koha item type Libros
Existencias
Withdrawn status Lost status Source of classification or shelving scheme Damaged status Not for loan Collection code Home library Current library Date acquired Source of acquisition Total Checkouts Full call number Barcode Date last seen Price effective from Koha item type
    Dewey Decimal Classification     Colección General Biblioteca Pública Metropolitana Salomé Ureña Biblioteca Pública Metropolitana Salomé Ureña 08/29/2016 FUNDI   BPMSU CG 833.8 H587N 1983 BPMSU16080256 08/29/2016 08/29/2016 Libros